00518nam a2200193 a 4500001001300000003000900013005001700022008004100039020000900080082001600089100002400105245005700129260004000186300000900226500003500235505001000270650002000280700002400300nice12345678IN_TiNIC20260116013613.0050524s1990 dela grp 000 0 urd  ac4300a297.2bMAU3 aMaududi, S Abul Ala aIslami Nizam-E-Zindagi Aur Uske Buniyadi Tasavvuraat aDelhibMarkazi Maktaba Islamic1990 a550p aincludes index and biblioraphy2 aIndex aIslam-Doctrines1 aMaududi, S Abul Ala